000 00485nam a2200181Ia 4500
005 20250326142708.0
008 250326s9999 xx 000 0 und d
037 _aTextbook
040 _aFMSL
_beng
_cFMSL
041 _aeng
_2eng
084 _aX:51 M2
_qFMSL
100 _aMajaro S
_9736996
245 0 _aMarketing in perspective
_cMajaro S
260 _aGeorge
_bGeorge, Allen & Unionism
_c1982
300 _a252p
942 _cTB
_hX:51 M2
999 _c1296226
_d1296226